[Event "XLI Rilton Cup 2011-12"]
[Site "Stockholm SWE"]
[Date "2011.12.30"]
[Round "4"]
[Board "9"]
[White "Sipila, Vilka"]
[Black "Cramling, Pia"]
[Result "1-0"]
[WhiteTitle "FM"]
[BlackTitle "GM"]
[WhiteElo "2316"]
[BlackElo "2495"]
[WhiteFideId "505455"]
[BlackFideId "1700030"]
[EventDate "2011.12.27"]

1. e4 c5 2. b4 cxb4 3. Nf3 d5 4. exd5 Qxd5 5. c4 bxc3 6. Nxc3 Qa5 7. Bb5+ Nd7 8.
O-O Nf6 9. Qb3 e6 10. Re1 Be7 11. Ng5 O-O 12. Nxe6 Nc5 13. Nxc5 Bxc5 14. h3 Be6
15. Qa4 Qb6 16. Qf4 Rad8 17. Rb1 Rd4 18. Qf3 Qd6 19. d3 Bb4 20. Ne4 Nxe4 21.
Rxe4 Rxe4 22. Qxe4 Bc5 23. Bf4 Qd5 24. Qxd5 Bxd5 25. Rc1 Bb6 26. a4 h6 27. Be3
Rd8 28. Bxb6 axb6 29. Rc7 g5 30. g3 Kg7 31. Kf1 Rd6 32. Ke2 Bg2 33. Bc4 Rf6 34.
h4 gxh4 35. gxh4 Bf3+ 36. Ke3 Bc6 37. f4 Bxa4 38. Rxb7 Kg6 39. d4 Kh5 40. Bxf7+
Kxh4 41. d5 Bd1 42. Be6 Bg4 43. Rf7 Rg6 44. f5 Rg8 45. Rh7 Ra8 46. Rxh6+ Kg5 47.
Rg6+ Kh5 48. Kf4 Ra4+ 49. Ke5 b5 50. Rg8 1-0

[Event "XLI Rilton Cup 2011-12"]
[Site "Stockholm SWE"]
[Date "2011.12.30"]
[Round "4"]
[Board "10"]
[White "Semcesen, Daniel"]
[Black "Denisov, Ivan"]
[Result "0-1"]
[WhiteTitle "IM"]
[WhiteElo "2490"]
[BlackElo "2348"]
[WhiteFideId "1706993"]
[BlackFideId "24119466"]
[EventDate "2011.12.27"]

1. d4 Nf6 2. c4 e6 3. Nc3 Bb4 4. a3 Bxc3+ 5. bxc3 b6 6. Bg5 Bb7 7. f3 h6 8. Bh4
Qe7 9. e4 e5 10. Bd3 d6 11. Ne2 Nc6 12. O-O g5 13. Bf2 Nh5 14. a4 Na5 15. Rb1 c5
16. Qc2 Ba6 17. Qa2 Nf4 18. Nxf4 gxf4 19. Kh1 Qe6 20. d5 Qf6 21. Qe2 O-O-O 22.
Rg1 Rdg8 23. g3 Kc7 24. Rbe1 Rg5 25. gxf4 exf4 26. Rxg5 hxg5 27. e5 dxe5 28.
Qxe5+ Qxe5 29. Rxe5 Bxc4 30. Be4 Rh5 31. Kg2 Kd6 32. Rf5 Bb3 33. h4 Bxa4 34.
hxg5 Bd7 35. Rf6+ Ke5 36. Rxf7 Rxg5+ 37. Kf1 Bb5+ 38. Ke1 Rh5 39. Bg1 Bc4 40.
Rxa7 Bxd5 41. Bxc5 Nc6 42. Bd4+ Nxd4 43. cxd4+ Kxd4 44. Bxd5 Rxd5 45. Kd2 b5 46.
Rf7 Kc4+ 47. Kc2 Rd4 48. Rf8 Kb4 49. Kb2 Rd2+ 50. Kc1 Rd4 51. Kb2 Kc4 52. Kc2
Kc5 53. Rf7 b4 54. Rf8 Rc4+ 55. Kb2 Kd5 56. Rf5+ Ke6 57. Rf8 Ke5 58. Kb3 Rc3+
59. Kxb4 Rxf3 60. Kc4 Ra3 61. Re8+ Kf5 62. Kd4 Kg4 63. Rg8+ Kf3 64. Rf8 Kg3 65.
Ke4 f3 66. Rg8+ Kh2 67. Rh8+ Kg2 68. Rg8+ Kf1 69. Kd4 f2 70. Rg7 Rf3 71. Ke4 Ke2
72. Ra7 f1=Q 73. Ra2+ Kd1 74. Ra1+ Kc2 0-1

[Event "XLI Rilton Cup 2011-12"]
[Site "Stockholm SWE"]
[Date "2011.12.30"]
[Round "4"]
[Board "11"]
[White "Socko, Monika"]
[Black "Malmdin, Nils-Ake"]
[Result "1-0"]
[WhiteTitle "GM"]
[BlackTitle "FM"]
[WhiteElo "2479"]
[BlackElo "2308"]
[WhiteFideId "1106619"]
[BlackFideId "1701584"]
[EventDate "2011.12.27"]

1. d4 Nf6 2. c4 e6 3. Nf3 c5 4. d5 exd5 5. cxd5 d6 6. Nc3 g6 7. h3 Bg7 8. e4 O-O
9. Bd3 a6 10. a4 Re8 11. O-O Nh5 12. Bg5 Bf6 13. Be3 Nd7 14. Qd2 Ne5 15. Be2
Nxf3+ 16. Bxf3 Ng7 17. Rfe1 Rb8 18. Qc2 Be5 19. Qd2 b6 20. Rab1 Qc7 21. Bf4 Qe7
22. b4 c4 23. b5 Qf6 24. Bxe5 Rxe5 25. bxa6 Bxa6 26. Qd4 Nf5 27. Qd1 Nh4 28. Re3
Nxf3+ 29. Rxf3 Qe7 30. Re3 Qc7 31. f4 Qc5 32. Qd2 Ree8 33. Kh1 f5 34. Rbe1 b5
35. axb5 Bxb5 36. exf5 Rxe3 37. Rxe3 gxf5 38. Rg3+ Kf8 39. Ne2 c3 40. Nxc3 Ra8
41. Qb2 Qd4 42. Kh2 Be8 43. Qb7 Ra1 44. Ne2 Qa7 45. Qc8 Re1 46. Qxf5+ Bf7 47.
Qc8+ Be8 48. Qe6 Bf7 49. Qxd6+ Ke8 50. Qe5+ Kf8 51. d6 1-0

[Event "XLI Rilton Cup 2011-12"]
[Site "Stockholm SWE"]
[Date "2011.12.30"]
[Round "4"]
[Board "12"]
[White "Arman, Deniz"]
[Black "Nithander, Victor"]
[Result "0-1"]
[WhiteTitle "FM"]
[BlackTitle "IM"]
[WhiteElo "2304"]
[BlackElo "2423"]
[WhiteFideId "6302106"]
[BlackFideId "1707833"]
[EventDate "2011.12.27"]

1. e4 d6 2. d4 Nf6 3. Nc3 g6 4. f4 Bg7 5. e5 Nfd7 6. Nf3 Nb6 7. Be3 c6 8. Qd2
Na6 9. h4 h5 10. Ng5 Bf5 11. a3 Nc7 12. O-O-O Qd7 13. Bf2 Ne6 14. Nce4 dxe5 15.
Nxe6 Qxe6 16. Nc3 exd4 17. Bxd4 Rd8 18. Qf2 O-O 19. Be2 Bg4 20. Bxg7 Kxg7 21.
Rxd8 Rxd8 22. Bd3 Qf6 23. Re1 Nd5 24. Nxd5 cxd5 25. Qxa7 Qxf4+ 26. Kb1 Rd7 27.
Bb5 Rc7 28. Bd3 Qd6 29. c3 e5 30. Bc2 b6 31. Qa4 Rc4 32. Qe8 Be6 33. Rf1 Rxh4
34. Bb3 Rg4 35. Rf2 Qc5 36. Re2 Qg1+ 37. Ka2 Rxg2 38. Rxg2 Qxg2 39. Qb8 Qe2 40.
Qd8 b5 41. Qg5 d4 42. Bxe6 dxc3 0-1

[Event "XLI Rilton Cup 2011-12"]
[Site "Stockholm SWE"]
[Date "2011.12.30"]
[Round "4"]
[Board "13"]
[White "Akesson, Ralf"]
[Black "Byklum, Bjornar"]
[Result "1-0"]
[WhiteTitle "GM"]
[BlackTitle "FM"]
[WhiteElo "2421"]
[BlackElo "2252"]
[WhiteFideId "1700120"]
[BlackFideId "1502123"]
[EventDate "2011.12.27"]

1. d4 d5 2. c4 e6 3. Nf3 c5 4. cxd5 exd5 5. g3 Nf6 6. Bg2 Nc6 7. O-O Be7 8. Nc3
O-O 9. Bg5 cxd4 10. Nxd4 h6 11. Be3 Re8 12. Qc2 Bg4 13. h3 Be6 14. Rad1 Rc8 15.
Kh2 Bd6 16. Qa4 a6 17. Nxc6 bxc6 18. Qxa6 Bf5 19. Bd4 Ne4 20. e3 Ng5 21. Ne2 h5
22. Nf4 h4 23. Qe2 c5 24. Bxg7 Kxg7 25. Rxd5 hxg3+ 26. fxg3 Be6 27. Nxe6+ fxe6
28. Rd2 Bxg3+ 29. Kxg3 Qc7+ 30. Kf2 Rf8+ 31. Ke1 Qg3+ 32. Kd1 Nf3 33. Qf2 1-0

[Event "XLI Rilton Cup 2011-12"]
[Site "Stockholm SWE"]
[Date "2011.12.30"]
[Round "4"]
[Board "14"]
[White "Lindberg, Bengt"]
[Black "Johansson, Linus"]
[Result "1/2-1/2"]
[WhiteTitle "IM"]
[WhiteElo "2415"]
[BlackElo "2197"]
[WhiteFideId "1700359"]
[BlackFideId "1711113"]
[EventDate "2011.12.27"]

1. e4 e6 2. d4 d5 3. Nc3 Nf6 4. e5 Nfd7 5. f4 c5 6. Nf3 Nc6 7. Be3 a6 8. Qd2 b5
9. dxc5 Bxc5 10. Bxc5 Nxc5 11. Bd3 Qb6 12. O-O-O Bb7 13. Kb1 O-O-O 14. Rhf1 Kb8
15. Ne2 b4 16. Qe3 Na5 17. b3 Nc6 18. Nfd4 Ne4 19. Nxc6+ Qxc6 20. Bxe4 dxe4 21.
Rd4 Rxd4 22. Qxd4 Rc8 23. Rc1 e3 24. g3 Qc5 25. Qd3 f5 26. exf6 gxf6 27. Nd4 e5
28. fxe5 Qxe5 29. Ne2 a5 30. Nf4 Ka7 31. Re1 Rc3 32. Qd7 Rc7 33. Qd3 Re7 34. Qc4
Ba6 35. Qc6 Bb5 36. Qf3 Qc3 37. Rc1 Bc6 38. Qe2 Be4 39. Qb5 Re5 40. Qe2 a4 41.
Nd3 Bxd3 42. cxd3 Qd2 43. Rc2 Qxe2 44. Rxe2 axb3 45. axb3 Kb6 46. d4 Re4 47. Kc2
Kc6 48. Kd3 Kd5 49. Rxe3 Rxd4+ 1/2-1/2

[Event "XLI Rilton Cup 2011-12"]
[Site "Stockholm SWE"]
[Date "2011.12.30"]
[Round "4"]
[Board "16"]
[White "Glimbrant, Torbjorn"]
[Black "Bellon Lopez, Juan Manuel"]
[Result "0-1"]
[BlackTitle "GM"]
[WhiteElo "2250"]
[BlackElo "2419"]
[WhiteFideId "1700995"]
[BlackFideId "2200031"]
[EventDate "2011.12.27"]

1. c4 g6 2. g3 Bg7 3. Bg2 e5 4. Nc3 Ne7 5. Nf3 O-O 6. O-O Nbc6 7. Rb1 a6 8. b4
f5 9. b5 Na5 10. bxa6 Rxa6 11. Ne1 e4 12. Nd5 Nxc4 13. Qb3 Nxd5 14. Qxc4 c6 15.
d3 Rf7 16. Bb2 Rb6 17. Qc1 Bxb2 18. Rxb2 Rxb2 19. Qxb2 Qf6 20. Qa3 Nc3 21. e3 d5
22. d4 Nb5 23. Qa5 h5 24. f3 Qe7 25. fxe4 fxe4 26. Rxf7 Kxf7 27. Bf1 Nd6 28. Ng2
Bh3 29. Qa8 Bxg2 30. Kxg2 Nf5 31. Kf2 Qb4 32. Be2 Kg7 33. a4 Qb3 34. Qb8 Qxe3+
35. Kf1 Qc1+ 36. Kg2 Qd2 37. Qe5+ Kh7 38. Qc7+ Kh6 39. Qf4+ Qxf4 0-1

[Event "XLI Rilton Cup 2011-12"]
[Site "Stockholm SWE"]
[Date "2011.12.30"]
[Round "4"]
[Board "19"]
[White "Fries-Nielsen, Jens Ove"]
[Black "Mack, Wolfgang"]
[Result "1/2-1/2"]
[WhiteTitle "IM"]
[WhiteElo "2387"]
[BlackElo "2293"]
[WhiteFideId "1400142"]
[BlackFideId "4685458"]
[EventDate "2011.12.27"]

1. d4 c5 2. e3 g6 3. dxc5 Bg7 4. c3 a5 5. Na3 Na6 6. Bxa6 Rxa6 7. e4 Re6 8. f3
f5 9. Nh3 fxe4 10. Ng5 Re5 11. Nxe4 Nf6 12. Nc4 Re6 13. O-O Nxe4 14. fxe4 Rf8
15. Rxf8+ Bxf8 16. Bg5 Qc7 17. Qd4 d6 18. cxd6 exd6 19. a4 Qc5 20. Qxc5 dxc5 21.
e5 Bd7 22. Bf4 b6 23. b3 Rc6 24. Ne3 c4 25. Nxc4 Be6 26. Be3 Bxc4 27. bxc4 Rxc4
28. Bxb6 Bc5+ 29. Bxc5 Rxc5 30. Ra3 Rxe5 31. Kf2 Kd7 32. c4 Re4 33. Rd3+ Kc6 34.
Rd5 Kb6 35. Rb5+ Ka6 36. Rc5 Kb6 37. Rc8 Kb7 38. Rc5 Kb6 39. Rc8 Kb7 40. Kf3 Rh4
41. Rc5 1/2-1/2

[Event "XLI Rilton Cup 2011-12"]
[Site "Stockholm SWE"]
[Date "2011.12.30"]
[Round "4"]
[Board "21"]
[White "Holving, Rasmus"]
[Black "Lundin, Jan"]
[Result "1/2-1/2"]
[BlackTitle "FM"]
[WhiteElo "2221"]
[BlackElo "2314"]
[WhiteFideId "1703145"]
[BlackFideId "1706896"]
[EventDate "2011.12.27"]

1. e4 c6 2. Ne2 d5 3. Ng3 dxe4 4. Nc3 Nf6 5. Ncxe4 Nxe4 6. Nxe4 Bf5 7. Qe2 e6 8.
d3 Bb4+ 9. c3 Be7 10. g3 h5 11. h3 Nd7 12. Bg2 h4 13. g4 Bxe4 14. Bxe4 Qc7 15.
Be3 Nf6 16. f4 Bd6 17. O-O O-O-O 18. Qf2 b6 19. a4 Kb7 20. a5 Be7 21. axb6 axb6
22. Qf3 Ra8 23. Bd4 Bd6 24. Be5 Nxe4 25. Qxe4 Rxa1 26. Rxa1 Ra8 27. Rxa8 Kxa8
28. g5 Kb7 29. d4 b5 30. Kg2 f5 31. gxf6 gxf6 32. Bxf6 Qf7 33. Bg5 Be7 34. Bxe7
Qxe7 35. Qg6 Qd7 36. Qh5 Qg7+ 37. Qg4 Qh6 38. Kf3 Qf6 39. Qg5 Qf7 40. Kg4 Qh7
41. Qh5 Qe4 42. Qe5 Qg2+ 43. Kxh4 Qxb2 44. Qe3 Qb3 45. Qg3 Qc2 46. Qe1 Qh7+ 1/2-1/2

[Event "XLI Rilton Cup 2011-12"]
[Site "Stockholm SWE"]
[Date "2011.12.30"]
[Round "4"]
[Board "22"]
[White "Dragicevic, Drazen"]
[Black "Cederstam-Barsk, Carl"]
[Result "1-0"]
[WhiteTitle "FM"]
[WhiteElo "2312"]
[BlackElo "2129"]
[WhiteFideId "1707922"]
[BlackFideId "1713329"]
[EventDate "2011.12.27"]

1. a3 d6 2. g3 c6 3. Bg2 Nf6 4. c4 Bg4 5. h3 Bh5 6. Nc3 e6 7. g4 Bg6 8. e4 Nfd7
9. Nge2 Qh4 10. d4 Na6 11. Bf4 h5 12. g5 e5 13. Be3 Be7 14. Qd2 exd4 15. Nxd4
Ne5 16. b3 f6 17. O-O-O fxg5 18. Ne6 Kd7 19. Nxg5 Nc5 20. Kc2 Ncd3 21. c5 Nxf2
22. Bxf2 Qxg5 23. Qxg5 Bxg5 24. Rxd6+ Ke7 25. Bg3 Bf6 26. Bxe5 Bxe5 27. Rxg6
Rhf8 28. Nd1 Rad8 29. Rf1 Bf4 30. Rxg7+ Kf6 31. Rxf4+ Kxg7 32. Rxf8 Rxf8 33. Kd2
Kf6 34. Ke3 Rg8 35. Bf3 Kg5 36. Nf2 b6 37. Nd3 Kh4 38. cxb6 axb6 39. Nf4 Ra8 40.
a4 b5 41. axb5 cxb5 42. e5 Re8 43. e6 Kg5 44. Bxh5 1-0

[Event "XLI Rilton Cup 2011-12"]
[Site "Stockholm SWE"]
[Date "2011.12.30"]
[Round "4"]
[Board "23"]
[White "De Filomeno, Simone"]
[Black "Aperia, Jakob"]
[Result "1-0"]
[WhiteTitle "FM"]
[WhiteElo "2299"]
[BlackElo "2059"]
[WhiteFideId "828688"]
[BlackFideId "1711423"]
[EventDate "2011.12.27"]

1. e4 c6 2. d4 d5 3. e5 Bf5 4. Nf3 e6 5. Nbd2 Ne7 6. Nb3 Nd7 7. Be2 Bg4 8. O-O
c5 9. Nxc5 Nxc5 10. dxc5 Nc6 11. Be3 Bxf3 12. Bxf3 Nxe5 13. Bd4 Nxf3+ 14. Qxf3
Qc7 15. b4 f6 16. Rfe1 Kf7 17. Re3 Re8 18. Bxf6 gxf6 19. Qh5+ Ke7 20. Rxe6+ Kxe6
21. Re1+ 1-0

[Event "XLI Rilton Cup 2011-12"]
[Site "Stockholm SWE"]
[Date "2011.12.30"]
[Round "4"]
[Board "24"]
[White "Berggren, Jonatan"]
[Black "Frisk, Ellinor"]
[Result "1-0"]
[BlackTitle "WFM"]
[WhiteElo "2150"]
[BlackElo "2184"]
[WhiteFideId "1701762"]
[BlackFideId "1708481"]
[EventDate "2011.12.27"]

1. e4 d5 2. exd5 Nf6 3. Bb5+ Nbd7 4. Nf3 Nxd5 5. d4 g6 6. O-O Bg7 7. Re1 O-O 8.
Bg5 N7f6 9. h3 Bf5 10. Nbd2 c6 11. Ba4 Re8 12. c4 Nb6 13. Bc2 Bxc2 14. Qxc2 Qc7
15. Ne5 Rad8 16. Ndf3 Nbd7 17. Nd3 Nf8 18. Bf4 Qc8 19. Rad1 Ne6 20. Be5 Nh5 21.
Qc3 Bxe5 22. Rxe5 Nhg7 23. Nb4 Nc7 24. Rde1 e6 25. Nc2 Nf5 26. Ne3 Nxe3 27. Qxe3
f6 28. Ra5 a6 29. Ra3 Qd7 30. Qf4 Rf8 31. Rae3 Kg7 32. R3e2 Rf7 33. Qc1 Re7 34.
Re4 Ne8 35. R4e2 Nd6 36. g4 Nf7 37. b3 Rde8 38. Qc3 Qd6 39. Kg2 e5 40. dxe5 Nxe5
41. g5 Kg8 42. gxf6 Nxf3 43. Qxf3 1-0

[Event "XLI Rilton Cup 2011-12"]
[Site "Stockholm SWE"]
[Date "2011.12.30"]
[Round "4"]
[Board "25"]
[White "Furhoff, Johan"]
[Black "Agrest, Inna"]
[Result "1-0"]
[WhiteTitle "IM"]
[BlackTitle "WIM"]
[WhiteElo "2370"]
[BlackElo "2189"]
[WhiteFideId "1701797"]
[BlackFideId "1708830"]
[EventDate "2011.12.27"]

1. e4 e5 2. Nf3 Nc6 3. Bc4 Nf6 4. d3 h6 5. c3 d6 6. Nbd2 g6 7. h3 Bg7 8. Bb3 O-O
9. Nc4 Be6 10. O-O b5 11. Ne3 d5 12. Qe2 Kh7 13. Re1 a5 14. exd5 Nxd5 15. Ng4 a4
16. Bc2 Re8 17. a3 Qd7 18. Ngh2 Rad8 19. Bd2 Bf5 20. Rad1 Nf4 21. Bxf4 exf4 22.
Qd2 Qd6 23. d4 Bc8 24. Bd3 Rxe1+ 25. Rxe1 Na5 26. Bxb5 c5 27. Bxa4 Nc4 28. Qe2
Nb6 29. Bb3 cxd4 30. Nxd4 Nd5 31. Nhf3 Ba6 32. Bc4 Bb7 33. a4 Rd7 34. Qc2 Nb6
35. Bb5 Rc7 36. Qe2 Qd5 37. a5 Nc4 38. a6 Ba8 39. b3 Nd6 40. c4 Qc5 41. Qd3 Ra7
42. Nc2 Nxb5 43. cxb5 Rc7 44. Re2 Qb6 45. Ne5 f3 46. gxf3 Bxe5 47. Rxe5 Qf6 48.
Re3 Rc5 49. Kf1 Rd5 50. Qc4 Qf5 51. b6 Rc5 52. Qd3 Qxh3+ 53. Ke2 Bc6 54. a7 Qc8
55. Nd4 Rc1 56. Re7 Bd5 57. b7 Bxb7 58. Rxf7+ Kh8 59. Kd2 Ba6 60. Nb5 Bxb5 61.
Qd4+ 1-0

[Event "XLI Rilton Cup 2011-12"]
[Site "Stockholm SWE"]
[Date "2011.12.30"]
[Round "4"]
[Board "26"]
[White "Lindgren, Philip"]
[Black "Bergstrom, Rolf"]
[Result "1-0"]
[BlackTitle "FM"]
[WhiteElo "2152"]
[BlackElo "2301"]
[WhiteFideId "1713230"]
[BlackFideId "1702386"]
[EventDate "2011.12.27"]

1. d4 b6 2. e4 Bb7 3. Bd3 Nf6 4. Qe2 Nc6 5. c3 e5 6. Nf3 d6 7. O-O Be7 8. a3 O-O
9. Re1 Re8 10. d5 Nb8 11. c4 a5 12. Nc3 Nbd7 13. Bc2 g6 14. Be3 Nh5 15. b4 Ng7
16. Nd2 f5 17. f3 fxe4 18. Ndxe4 Nf5 19. Ba4 Rf8 20. Bc6 Bxc6 21. dxc6 Nf6 22.
Qd3 Qe8 23. b5 Nxe4 24. Qd5+ Kh8 25. fxe4 Nxe3 26. Rxe3 Bg5 27. Ree1 Qe7 28. Qd3
Qg7 29. Nd5 Rae8 30. Rf1 Bd8 31. Rxf8+ Rxf8 32. Rf1 Rxf1+ 33. Qxf1 Kg8 34. Qc1
Qf7 35. Qe3 Qe6 36. Qf3 Kg7 37. g3 Kg8 38. Kg2 Kg7 39. h3 Kg8 40. Qe2 Kg7 41. h4
h5 42. Ne3 Qf6 43. Qd2 Qe6 44. c5 bxc5 45. Nd5 Qg4 46. Qd3 c4 47. Qf3 Qc8 48. a4
Qa8 49. Qc3 g5 50. hxg5 Qc8 51. Qxc4 Qg4 52. Qd3 1-0

[Event "XLI Rilton Cup 2011-12"]
[Site "Stockholm SWE"]
[Date "2011.12.30"]
[Round "4"]
[Board "27"]
[White "Henriksson, Johan"]
[Black "Olund, Joar"]
[Result "0-1"]
[WhiteElo "2295"]
[BlackElo "2141"]
[WhiteFideId "1703560"]
[BlackFideId "1714848"]
[EventDate "2011.12.27"]

1. Nf3 Nf6 2. g3 b5 3. Bg2 Bb7 4. O-O e6 5. a4 b4 6. a5 a6 7. d4 Be7 8. Bd2 c5
9. Qe1 Nc6 10. dxc5 Rb8 11. Bf4 Rc8 12. Ne5 Bxc5 13. Nd3 Be7 14. Bxc6 Rxc6 15.
Nxb4 Rc4 16. c3 Rxf4 17. gxf4 Nh5 18. Nd3 g5 19. e4 gxf4 20. f3 Bh4 21. Qe2 Rg8+
22. Kh1 Ng3+ 23. hxg3 Bxg3 24. Rf2 Bxf2 25. Qxf2 Rg3 26. Qh2 d5 27. Nxf4 Qg5 28.
Ne2 Rxf3 29. Na3 Qe3 30. Ng1 Rf2 31. Qh4 d4 0-1

[Event "XLI Rilton Cup 2011-12"]
[Site "Stockholm SWE"]
[Date "2011.12.30"]
[Round "4"]
[Board "28"]
[White "Codenotti, Marco"]
[Black "Jonsson, Emil"]
[Result "1-0"]
[WhiteTitle "FM"]
[WhiteElo "2293"]
[BlackElo "2066"]
[WhiteFideId "800015"]
[BlackFideId "1712268"]
[EventDate "2011.12.27"]

1. e4 e6 2. d4 d5 3. Nd2 dxe4 4. Nxe4 Nd7 5. Nf3 Ngf6 6. Bd3 Nxe4 7. Bxe4 Be7 8.
O-O O-O 9. c4 Nf6 10. Bc2 b5 11. cxb5 Bb7 12. Be3 Qd5 13. a4 a6 14. Bb3 Qe4 15.
Bc2 Qd5 16. Bb3 Qe4 17. bxa6 Bxa6 18. Re1 Rfb8 19. Nd2 Qh4 20. Qf3 Bd6 21. g3
Qh3 22. Bc2 Bb4 23. Qh1 Bb7 24. f3 Ng4 25. Rad1 Ra5 26. Qg2 Qxg2+ 27. Kxg2 Nxe3+
28. Rxe3 Bd5 29. b3 c5 30. dxc5 Rxc5 31. Be4 Bxe4 32. Nxe4 Rc2+ 33. Kh3 Rb2 34.
Nd6 Bc5 35. Rc3 Bb4 36. Re3 Bc5 37. Nc4 Bxe3 38. Nxb2 Kf8 39. Rd3 Bc5 40. Nc4
Ke7 41. Ne5 Rb7 42. Nc6+ Kf6 43. b4 Bf8 44. a5 Rc7 45. b5 Bc5 46. Rc3 Bd4 47.
Nxd4 Rxc3 48. b6 Rc4 49. b7 Rb4 50. a6 1-0

[Event "XLI Rilton Cup 2011-12"]
[Site "Stockholm SWE"]
[Date "2011.12.30"]
[Round "4"]
[Board "30"]
[White "Evertsson, Lennart"]
[Black "Villegas, Pierre"]
[Result "0-1"]
[WhiteElo "2130"]
[BlackElo "2249"]
[WhiteFideId "1705156"]
[BlackFideId "654183"]
[EventDate "2011.12.27"]

1. e4 c6 2. d4 d5 3. f3 e6 4. Ne2 Nf6 5. e5 Nfd7 6. c3 c5 7. g3 b5 8. Be3 b4 9.
Bh3 Nc6 10. O-O Ba6 11. f4 g6 12. Rf3 h5 13. Bf2 Qb6 14. cxb4 Qxb4 15. Nbc3 cxd4
16. Nxd4 Nxd4 17. Qxd4 Qxd4 18. Bxd4 Bc5 19. Rd1 Ke7 20. Bxc5+ Nxc5 21. Rd4 Rhb8
22. b3 Rb6 23. Re3 Rab8 24. Bg2 Ke8 25. h3 Rb4 26. Rxb4 Rxb4 27. Re1 h4 28. Kh2
hxg3+ 29. Kxg3 Rxf4 30. Rd1 Rf5 31. b4 Nd7 32. b5 Bb7 33. Ne2 Rxe5 34. Kf2 Rf5+
35. Kg3 Re5 36. Kf2 Nc5 37. Nd4 Kd7 38. a4 Nxa4 39. Ra1 Nc5 40. Rxa7 Kc7 41. Ra3
Kb6 42. h4 Ne4+ 43. Kf3 Rh5 0-1

[Event "XLI Rilton Cup 2011-12"]
[Site "Stockholm SWE"]
[Date "2011.12.30"]
[Round "4"]
[Board "32"]
[White "Hedstrom, Johan"]
[Black "Ask, Josef"]
[Result "0-1"]
[WhiteElo "2100"]
[BlackElo "2207"]
[WhiteFideId "1714813"]
[BlackFideId "1704583"]
[EventDate "2011.12.27"]

1. g3 g6 2. Bg2 Bg7 3. f4 f5 4. Nf3 Nf6 5. d3 d6 6. O-O O-O 7. Nc3 c5 8. e4 Nc6
9. h3 Rb8 10. Nh4 Nd4 11. Ne2 Qb6 12. Kh2 e6 13. c3 Nxe2 14. Qxe2 Bd7 15. Be3
Qa6 16. Qc2 b5 17. Rfd1 b4 18. c4 Bc6 19. exf5 exf5 20. b3 Rfe8 21. Bf2 Qb7 22.
Bxc6 Qxc6 23. Re1 Nh5 24. Rxe8+ Rxe8 25. Re1 Rxe1 26. Bxe1 Bf6 27. Ng2 Qf3 28.
Bf2 Bd4 29. Bxd4 cxd4 30. c5 Qxg3+ 31. Kg1 Nxf4 32. c6 Nxg2 33. Qxg2 Qe1+ 34.
Kh2 Qe5+ 35. Kg1 Qc5 36. Kh1 Kg7 37. Kh2 Kf6 38. Qg3 Qc2+ 39. Kg1 Qxc6 40. Qh4+
Ke6 41. Qxh7 Qc1+ 42. Kg2 Qd2+ 43. Kg1 Qg5+ 44. Kh2 Qf4+ 45. Kg2 Qd2+ 46. Kg1
Qd1+ 47. Kg2 Qc2+ 48. Kg1 Qb1+ 49. Kh2 Qc2+ 50. Kg1 Qxd3 51. Qxg6+ Ke5 52. Qg7+
Ke4 53. Qxa7 Qg3+ 54. Kf1 Qxh3+ 55. Kg1 Qe3+ 56. Kh1 d3 57. Qe7+ Kf3 58. Qb7+
Qe4 0-1

[Event "XLI Rilton Cup 2011-12"]
[Site "Stockholm SWE"]
[Date "2011.12.30"]
[Round "4"]
[Board "33"]
[White "Isetoft, Daniel"]
[Black "Rydstrom, Tom"]
[Result "0-1"]
[WhiteElo "2206"]
[BlackElo "1939"]
[WhiteFideId "1708996"]
[BlackFideId "1714830"]
[EventDate "2011.12.27"]

1. e4 e5 2. Nf3 Nc6 3. d4 exd4 4. Nxd4 Bc5 5. Be3 Qf6 6. c3 Nge7 7. g3 O-O 8.
Bg2 Bb6 9. O-O Nxd4 10. cxd4 d5 11. Nc3 dxe4 12. Nxe4 Qg6 13. Nc5 c6 14. Re1
Bxc5 15. dxc5 Be6 16. Qd6 Nd5 17. Bd4 Rad8 18. Qe5 Nf6 19. Bc3 Rfe8 20. Qc7 Rd7
21. Qa5 a6 22. Rad1 Rxd1 23. Rxd1 Nd5 24. Re1 Rf8 25. Be5 Qg4 26. Bd6 Rc8 27. a3
Qc4 28. Qd2 Nf6 29. Be7 Nd5 30. Bd6 Nf6 31. Be7 Nd5 32. Bd6 Nf6 33. Rc1 Qg4 34.
Be5 Nd5 35. Re1 Qc4 36. Bd6 Nf6 37. Bf1 Qg4 38. Bg2 h6 39. h3 Qh5 40. Qb4 Bxh3
41. Qxb7 Qf5 42. Qxa6 Bxg2 43. Kxg2 Ne4 44. f3 Ng5 45. Qf1 Qh3+ 46. Kf2 Qf5 47.
Re3 Ne6 48. Re5 Qc2+ 49. Qe2 Qb3 50. Re3 Qd5 51. Re5 Qb3 52. Re3 Qd5 53. Re5 Qb3
54. Kg2 Rd8 55. Re3 Qd5 56. Re5 Qb3 57. Qd2 Qc4 58. Re4 Qxc5 59. Bxc5 Rxd2+ 60.
Bf2 Rxb2 61. Rc4 c5 62. Kg1 Ng5 63. Kg2 Ne6 64. Kg1 Rb5 65. Kg2 Kf8 66. Ra4 Rb7
67. Rc4 Rc7 68. Kf1 Ke7 69. Ke2 Kd6 70. Be3 Kd5 71. Kd3 Rb7 72. Ra4 Rb3+ 73. Kd2
Rb2+ 74. Kd3 Rb7 75. Ra5 Rb3+ 76. Kd2 Kc4 77. Ra7 Rb2+ 78. Kc1 Re2 79. Bxc5 Kxc5
80. Rxf7 Ra2 81. Re7 Kd6 82. Ra7 Nc7 83. Ra5 g5 84. Kd1 Rf2 85. f4 gxf4 86. gxf4
Rxf4 87. Rh5 Rf6 88. Kd2 Nd5 89. a4 Nf4 90. Rh2 Ke5 91. Ke3 Nd5+ 92. Kd3 Nb4+
93. Kc4 Na6 94. Re2+ Kf5 95. Rf2+ Kg5 96. Rxf6 Kxf6 97. Kd4 Kf5 98. Ke3 Kg4 99.
Kf2 Kh3 100. a5 h5 101. Kf3 h4 102. Kf2 Kh2 103. Kf1 h3 104. Kf2 Nc5 105. Kf1
Kg3 0-1

[Event "XLI Rilton Cup 2011-12"]
[Site "Stockholm SWE"]
[Date "2011.12.30"]
[Round "4"]
[Board "35"]
[White "Glantz, Robert"]
[Black "Olofsson-Dolk, Mattis"]
[Result "1-0"]
[WhiteElo "2289"]
[BlackElo "1988"]
[WhiteFideId "24629596"]
[BlackFideId "1715178"]
[EventDate "2011.12.27"]

1. e4 c5 2. Nf3 d6 3. d4 cxd4 4. Nxd4 Nf6 5. Nc3 a6 6. Bg5 e6 7. f4 Qc7 8. Bxf6
gxf6 9. Qd2 Nc6 10. O-O-O Bd7 11. Kb1 O-O-O 12. Be2 h5 13. Nxc6 Qxc6 14. Qd4 Be7
15. f5 Kb8 16. Rd3 Qc5 17. Rhd1 Qxd4 18. Rxd4 h4 19. Bg4 Rhg8 20. Bh3 Rg5 21.
Rf1 Rc8 22. Rd2 Rc5 23. Rf4 Rh5 24. Rg4 exf5 25. Rg8+ Rc8 26. Rg7 Be6 27. exf5
Bf8 28. Rg8 Bd7 29. Nd5 Rg5 30. Rh8 Bxf5 31. Bxf5 Rxf5 32. a3 Re5 33. Rxh4 f5
34. Rh7 Rc5 35. Nf6 Re7 36. Rh8 Rc8 37. Nd5 Re1+ 38. Ka2 Bg7 39. Rh7 Be5 40. g3
Rh1 41. Ne7 Rc5 42. Rxf7 Rb5 43. c4 Rd1 44. Re2 Re1 45. Rf2 Rf1 46. R7xf5 Rxf2
47. Rxf2 Rc5 48. Rf8+ Kc7 49. Rc8+ Kd7 50. Rxc5 dxc5 51. Ng6 Bd6 52. Nf4 Ke7 53.
Kb3 Kf6 54. Kc2 Ke5 55. Kd3 Kf5 56. Ke3 b5 57. b3 Be5 58. a4 bxa4 59. bxa4 Bd4+
60. Kf3 Bg1 61. h4 Ke5 62. Ne2 1-0

[Event "XLI Rilton Cup 2011-12"]
[Site "Stockholm SWE"]
[Date "2011.12.30"]
[Round "4"]
[Board "38"]
[White "Kwapinski, Leszek"]
[Black "Bryntze, Stefan"]
[Result "1-0"]
[WhiteElo "2051"]
[BlackElo "2175"]
[WhiteFideId "1409883"]
[BlackFideId "1709100"]
[EventDate "2011.12.27"]

1. e4 e5 2. f4 Bc5 3. Nf3 d6 4. c3 Bg4 5. h3 Bxf3 6. Qxf3 Ne7 7. a4 a5 8. Na3
O-O 9. Nc2 f5 10. d4 fxe4 11. Qxe4 Bb6 12. fxe5 dxe5 13. Bc4+ Kh8 14. Bg5 Qe8
15. O-O-O Nf5 16. Bd3 Qg6 17. h4 exd4 18. Rhf1 dxc3 19. Rxf5 cxb2+ 20. Kb1 Re8
21. Qxb7 Qh5 22. Rdf1 Nd7 23. Bb5 Reb8 24. Bxd7 1-0